ბათუმის შოთა რუსთაველის სახელმწიფო უნივერსიტეტის ბიბლიოთეკა

MENSCHEN B1 : (ბიბ.ჩანაწერი № 55492)

000 -LEADER
fixed length control field 00823nam a2200265Ia 4500
001 - CONTROL NUMBER
control field 22574
003 - CONTROL NUMBER IDENTIFIER
control field GE_BSU
005 - DATE AND TIME OF LATEST TRANSACTION
control field 20230330115731.0
008 - FIXED-LENGTH DATA ELEMENTS--GENERAL INFORMATION
fixed length control field 181216s ||||-ge|||||||||||||| ||ger||
020 ## - INTERNATIONAL STANDARD BOOK NUMBER
International Standard Book Number 9783191019037
040 ## - CATALOGING SOURCE
Transcribing agency GE_BSU
041 ## - LANGUAGE CODE
Language code of text/sound track or separate title ger
080 ## - UNIVERSAL DECIMAL CLASSIFICATION NUMBER
Universal Decimal Classification number 811.112.1 B-84
100 ## - MAIN ENTRY--PERSONAL NAME
Personal name Braun-Podeschwa, Julia
9 (RLIN) 17370
245 ## - TITLE STATEMENT
Title MENSCHEN B1 :
Remainder of title Deutsch als Fremdsprache Kursbuch /
Statement of responsibility, etc. Julia Braun-Podeschwa, Habersack Charlotte, Angela Pude.
264 ## - PRODUCTION, PUBLICATION, DISTRIBUTION, MANUFACTURE, AND COPYRIGHT NOTICE
Place of production, publication, distribution, manufacture Munchen :
Name of producer, publisher, distributor, manufacturer Hueber Verlag,
Date of production, publication, distribution, manufacture, or copyright notice 2015.
300 ## - PHYSICAL DESCRIPTION
Extent 200 p. ;
Other physical details ill ;
Dimensions 29 cm.
Accompanying material DVD ROM B1
653 ## - INDEX TERM--UNCONTROLLED
keyword MENSCHEN B1
653 ## - INDEX TERM--UNCONTROLLED
keyword Deutsch als Fremdsprache Kursbuch
653 ## - INDEX TERM--UNCONTROLLED
keyword გერმანული ენა
700 ## - ADDED ENTRY--PERSONAL NAME
Personal name Habersack, Charlotte
Relator term by
9 (RLIN) 17371
700 ## - ADDED ENTRY--PERSONAL NAME
Personal name Pude, Angela
Relator term by
9 (RLIN) 17372
942 ## - ADDED ENTRY ELEMENTS (KOHA)
Koha item type წიგნი
Source of classification or shelving scheme
ეგზემპლარები
Withdrawn status Lost status Source of classification or shelving scheme Damaged status Not for loan Permanent Location Current Location Shelving location Date acquired Cost, normal purchase price Full call number Barcode Date last seen Copy number Price effective from Koha item type Public note
          ბათუმის შოთა რუსთაველის სახელმწიფო უნივერსიტეტის მთავარი ბიბლიოთეკა ბათუმის შოთა რუსთაველის სახელმწიფო უნივერსიტეტის მთავარი ბიბლიოთეკა წიგნსაცავი 2018-12-17 70.00 811.112.1 B-84 57859 2018-12-17 57859 2018-12-17 წიგნი 70.00 GEL.